000 00581nam a22001817a 4500
005 20251108164043.0
008 250721s1997 xx 000 0 ara d
082 1 4 _aم/811.53/معت
100 1 _aإبن المعتز، أبو العباس عبد الله
245 1 0 _aطبقات الشعراء المحديثن /
264 1 _aبيروت :
_bدار الارقم بن الارقم،
_c1997.
300 _a765ص
650 1 7 _aالأدب العربي
650 1 7 _aالعصر العباسي
700 1 _aالطباع، عمر
_eتحقيق
942 _2ddc
_cREF
999 _c2447
_d2447